000 00387 a2200169 4500
001 45246
020 _a8510024006
040 _cAnchieta - Aquarius
100 _aNery, Salvador Barletta
240 1 0 _aBalançando sonhos
_lpor
245 1 0 _aBalançando sonhos
300 _a31
362 0 _a1999
440 1 _aEditora do Brasil
650 4 _aLiteratura infanto-juvenil
942 _cBK
999 _c45246
_d45246